000 004370000a22001810004500
003 MACL
005 20151018133910.0
008 151018b xxu||||| |||| 00| 0 eng d
040 _aMACL
_cMACL
041 _aEnglish
082 _a920/PRA
100 _aPrasad, R C
_915546
245 _aShri Krishna Sinha
_bA Biography
260 _bN. K Enterprises
_aNew Delhi
350 _a100
650 _aBiography
_915846
942 _cBK
_k920
_2ddc
999 _c6276
_d6276